• 首页
  • 本馆介绍
  • 公告通知
  • 最新文献
  • 馆藏检索
  • 电子资源
  • 读者导购
  • 参考咨询
  • 我的图书馆
  • 登录
  • 详细信息显示
  • 放入我的书架
  • 预约/预借图书
  • 作者相关作品
  • 分类相关作品
  • 丛书相关作品
  • 出版社相关作品

书目信息

  • 表格格式
  • 工作单格式
  • 卡片格式
题名:
风能开发利用
    
 
作者: 张希良 主编
分册:  
出版信息: 北京   化学工业出版社  2005
页数: 150页
开本: 24cm
丛书名: 21世纪可持续能源丛书
单 册:
中图分类: TK8
科图分类:
主题词: 风力能源--资源开发 , 风力能源--资源利用 , 风力能源 , 资源开发 , 资源利用
电子资源:
ISBN: 7-5025-6063-7
000 01086oam2 2200313 450
001 002786022
005 20070805111508.06
010    @a7-5025-6063-7@dCNY23.00
035    @a002786022
100    @a20041223d2005 em y0chiy0110 ea
101 0  @achi
102    @aCN@b110000
105    @aa z 000yy
106    @ar
200 1  @a风能开发利用@Afeng neng kai fa li yong@f张希良主编@Fzhang xi liang zhu bian
210    @a北京@c化学工业出版社@d2005
215    @a150页@c照片,图@d24cm
225 2  @a21世纪可持续能源丛书@A21 shi ji ke chi xu neng yuan cong shu
330    @a本书介绍了风力发电的原理和技术,介绍了世界风力发电的发展现状和趋势,论述了风能开发利用在实现社会经济可持续发展和环境保护中的作用,还介绍了中国、欧盟、美国和印度风能开发利用的实践和经验。
461  0 @1001002771288@12001 @a21世纪可持续能源丛书
606 0  @a风力能源@x资源开发
606 0  @a风力能源@x资源利用
606 0  @a风力能源
606 0  @a资源开发
606 0  @a资源利用
690    @aTK8@v4
701  0 @a张希良@Azhang xi liang@f(1963~)@4主编
801  0 @aCN@bNLC@c20070805
905    @dTK8@e94@f5
    
    风能开发利用/张希良主编.-北京:化学工业出版社,2005
    150页:照片,图;24cm.-(21世纪可持续能源丛书)
    
    
    ISBN 7-5025-6063-7:CNY23.00
    本书介绍了风力发电的原理和技术,介绍了世界风力发电的发展现状和趋势,论述了风能开发利用在实现社会经济可持续发展和环境保护中的作用,还介绍了中国、欧盟、美国和印度风能开发利用的实践和经验。
●
相关链接 在E读中查询图书 在五车中查询图书 在当当中查询图书 在豆瓣中查询图书


正题名:风能开发利用     索取号:TK8/94         预约/预借

序号 登录号 条形码 馆藏地/架位号 状态 备注
1 0850757   208507579   第二样本阅览室/ [索取号:TK8/94] 在馆    
2 0850758   208507588   第三借阅区/ [索取号:TK8/94] 在馆    
3 0850759   208507597   第三借阅区/ [索取号:TK8/94] 在馆    
4 0850760   208507604   密集书库/ [索取号:TK8/94] 在馆    
5 0850761   208507613   密集书库/ [索取号:TK8/94] 在馆    
唐山师范学院图书馆 欢迎您!
大连网信软件有限公司© 版权所有